000 00389nam a22001697a 4500
005 20160618145346.0
008 160618b xxu||||| |||| 00| 0 eng d
020 _a0-07-058192-4
041 _aeng
082 _b8179
100 _aKoontz, Harold and others
_91586
245 _aPrinciples of Management
260 _bTMH
300 _a22.19
650 _aManagement
_9241
942 _cBK
999 _c3133
_d3132